000 00766nam0a22002531 4500
001 rc\2773442
005 20250806204513.0
035 _a(NLR Aleph) 006899767
090 _a28983
_c28983
100 _a20110915d1941 u y0rusy50 ca
101 0 _arus
102 _aRU
105 _ay z |||||
200 1 _aПограничники в отечественной войне
_fИ. Прокофьев
210 _aСаранск
_cМордовск. гос. изд-во
_d1941
215 _a8 с.
_d22 см.
700 1 _aПрокофьев
_bИ.
801 0 _aRU
_bNLR
_gpsbo
801 1 _aRU
_bELAR
_2rusmarc
852 _aNLR
_jИр50 г-6/19
942 _cBOOK
945 _aРоссийская национальная библиотека
980 _aNB
980 _aBV